El relato documental : efectos de sentido y modos de recepción /

Na minha lista:
Detalhes bibliográficos
Autor principal: Carrera, Pilar (autor)
Outros Autores: Talens, Jenaro (autor) (autor)
Formato: Livro
Idioma:espanhol
Publicado em: Madrid, España : Cátedra, 2018, c2018
Colecção:(Signo e Imagen ; 185)
Assuntos:
Tags: Adicionar Tag
Sem tags, seja o primeiro a adicionar uma tag!

MARC

LEADER 00000nam^a2200000^a^4500
001 000432105
005 20250521000000.0
009 20260310123005.81
020 |a 978-84-376-3899-7 
037 |a Acervo ITESO - Biblioteca 
041 |a ESP 
082 |a 302. 235215  |b CAR 
100 |a Carrera, Pilar  |e (autor) 
245 1 3 |a El relato documental :  |b efectos de sentido y modos de recepción /  |c P. Carrera, J. Talens. 
246 2 |a Título en la cubierta: El relato documental 
264 4 |a Madrid, España :  |b Cátedra,  |c 2018, c2018 
300 |a 234 p. 
336 |a texto  |b txt  |2 rdacontenido 
337 |a sin mediación  |b n  |2 rdamedio 
338 |a volumen  |b nc  |2 rdasoporte 
440 1 |a (Signo e Imagen ;  |v 185) 
649 |a XX 
650 |a Documentales -  |x Historia y Crítica -  |x Tema Principal 
650 |a Documentales -  |x Filosofía -  |x Tema Principal 
650 |a Documentales -  |x Teoría -  |x Tema Principal 
650 |a Cine -  |x Historia y Crítica 
650 |a Cine -  |y Siglo XX 
650 |a Cine -  |y Siglo XXI 
650 |a Cine -  |x Filosofía 
650 |a Cine -  |x Teoría 
650 |a Estética 
700 |a Talens, Jenaro  |e (autor) 
910 |a Fondo General 
920 |a Impresos - Libros 
930 |a Colección General 
905 |a 101 
901 |a 0500349673  |b IT1  |c ACC  |i C175361  |u 20250521 
902 |a https://opac.biblio.iteso.mx/vufind/Record/000432105